| 000 | 00467nam a2200181Ia 4500 | ||
|---|---|---|---|
| 003 | GCL | ||
| 008 | 140319s9999 xx 000 0 eng d | ||
| 040 |
_aGCL / _cGCL |
||
| 082 | 0 | 4 |
_a808.83 _bW D |
| 100 | 1 | _aWOOLF, VIRGINIA | |
| 245 | 1 | 0 |
_aMRS DALLOWAY TO THE LIGHTHOUSE THE WARES / _cWOOLF, VIRGINIA |
| 260 |
_a[S.N] : _bMC GRAW - HILL ، _c1992 |
||
| 300 | _a525 P | ||
| 650 | 0 | 4 | _aLITERATURE |
| 650 | 0 | 4 | _aNOVELS |
| 650 | 0 | 4 | _aWOOLF VIRGINIA |
| 942 |
_2ddc _cBK |
||
| 999 |
_c24431 _d24431 |
||